<?xml version="1.0" encoding="UTF-8"?><?xml-stylesheet type="text/xsl" href="static/style.xsl"?><OAI-PMH xmlns="http://www.openarchives.org/OAI/2.0/" xmlns:xsi="http://www.w3.org/2001/XMLSchema-instance" xsi:schemaLocation="http://www.openarchives.org/OAI/2.0/ http://www.openarchives.org/OAI/2.0/OAI-PMH.xsd"><responseDate>2026-04-13T01:46:21Z</responseDate><request verb="GetRecord" identifier="oai:www.recercat.cat:2072/407176" metadataPrefix="marc">https://recercat.cat/oai/request</request><GetRecord><record><header><identifier>oai:recercat.cat:2072/407176</identifier><datestamp>2025-04-27T00:39:56Z</datestamp><setSpec>com_2072_98</setSpec><setSpec>col_2072_378192</setSpec></header><metadata><record xmlns="http://www.loc.gov/MARC21/slim" xmlns:dcterms="http://purl.org/dc/terms/" xmlns:xsi="http://www.w3.org/2001/XMLSchema-instance" xmlns:doc="http://www.lyncode.com/xoai" xsi:schemaLocation="http://www.loc.gov/MARC21/slim http://www.loc.gov/standards/marcxml/schema/MARC21slim.xsd">
   <leader>00925njm 22002777a 4500</leader>
   <datafield ind2=" " ind1=" " tag="042">
      <subfield code="a">dc</subfield>
   </datafield>
   <datafield ind2=" " ind1=" " tag="720">
      <subfield code="a">Torrebadella Flix, Xavier</subfield>
      <subfield code="e">author</subfield>
   </datafield>
   <datafield ind2=" " ind1=" " tag="260">
      <subfield code="c">2015</subfield>
   </datafield>
   <datafield ind2=" " ind1=" " tag="520">
      <subfield code="a">Hacia finales del siglo XIX, cuando el deporte pretendía tomar carta de naturaleza en Barcelona, el Ayuntamiento emprendió un proyecto para hacer llegar la educación física a las escuelas municipales. Esta iniciativa surgió de los sectores higienistas y pedagógicos, otorgando una solución a la falta de legislación educativa vigente, que no contemplaba la gimnástica escolar. La respuesta del Ayuntamiento se entronca con las demandas regeneracionistas que encuentran el apoyo de los profesores de gimnástica. Aunque el proyecto no estuvo exento de dificultades, fue un firme paso para manifestar la evidencia de la necesaria oficialización de la educación física en la primera enseñanza. El ejemplo sirvió para que otros municipios trataran de imitar o mejorar el modelo</subfield>
   </datafield>
   <datafield ind2=" " ind1=" " tag="520">
      <subfield code="a">Reaching the end of the XIX century, when sport was trying to take place, the town hall undertook a project in order to provide school with physical education in municipal schools. This initiative arouse from the hygienist and pedagogical sectors, providing a solution for the lack of the current education legislation, which did not consider school gymnastics. The Town Hallʼs response is connected to the regenerationist demands, which find the support of the gymnastics teachers. Although the project encountered many difficulties, it was a stepping stone so as to prove the need to formalize physical education at early stages. This set an example for other town halls to imitate or improve the model</subfield>
   </datafield>
   <datafield tag="653" ind2=" " ind1=" ">
      <subfield code="a">Barcelona</subfield>
   </datafield>
   <datafield tag="653" ind2=" " ind1=" ">
      <subfield code="a">Siglo XIX</subfield>
   </datafield>
   <datafield tag="653" ind2=" " ind1=" ">
      <subfield code="a">Educación física</subfield>
   </datafield>
   <datafield tag="653" ind2=" " ind1=" ">
      <subfield code="a">Escuelas municipales</subfield>
   </datafield>
   <datafield tag="653" ind2=" " ind1=" ">
      <subfield code="a">Gimnástica</subfield>
   </datafield>
   <datafield tag="653" ind2=" " ind1=" ">
      <subfield code="a">Historia de la educación</subfield>
   </datafield>
   <datafield tag="653" ind2=" " ind1=" ">
      <subfield code="a">Physical education</subfield>
   </datafield>
   <datafield tag="653" ind2=" " ind1=" ">
      <subfield code="a">Municipal schools</subfield>
   </datafield>
   <datafield tag="653" ind2=" " ind1=" ">
      <subfield code="a">Gymnastics</subfield>
   </datafield>
   <datafield tag="653" ind2=" " ind1=" ">
      <subfield code="a">History of education</subfield>
   </datafield>
   <datafield tag="653" ind2=" " ind1=" ">
      <subfield code="a">XIX century</subfield>
   </datafield>
   <datafield ind2="0" ind1="0" tag="245">
      <subfield code="a">Orígenes de la educación física en las escuelas públicas : el caso particular del Ayuntamiento de Barcelona durante el siglo XIX</subfield>
   </datafield>
</record></metadata></record></GetRecord></OAI-PMH>